| 000 | 00429nam a2200169 a 4500 | ||
|---|---|---|---|
| 001 | 0000-9288 | ||
| 003 | ELIB.Books | ||
| 008 | 110520 0000 | ||
| 035 | _a(ELIB.Books)0000-9440 | ||
| 082 |
_a232 _bCav |
||
| 100 | _aCave, Sydney | ||
| 245 | _aWhat Shall we say of Christ | ||
| 260 |
_bNew York: Fleming H. Revell Company _c0 |
||
| 650 | _aJesus Christ | ||
| 942 |
_2ddc _cBK |
||
| 998 |
_cbat _e2011-05-20 |
||
| 999 |
_c9288 _d9288 |
||